=LDR 00000nam 2200000 4500 =001 INLIS000000000000120 =005 20150116093856.0 =006 =007 =008 Ind =035 ##$$0010-061300000000120 =041 ##$$a Ind =082 ##$$a 910.598 23 =090 ##$$a 910.598 23 Pol =245 ##$$a Pola intraksi masyarakat di kalangan mandala wisata daerah Istimewa Yogyakarta, S.Budhisantoso...[et.al] =260 ##$$a Jakarta$bDirektorat Jenderal Kebudayaan Dipdikbud$c1995 =300 ##$$a xiv,158 hlm. : ilus. ; 22 cm =650 ##$$a Pariwisata =650 ##$$a Yogyakarta =710 ##$$a Indonesia, Depdikbud =850 ##$$a NBPDMAT